00413nam a2200145Ia 4500008004100000020001500041041001200056082001600068100001800084245009100102260003700193300000800230650001400238700001500252221030s9999 xx 000 0 und d a8177581848 aEnglish a105.23bJoh aR. A. Johnson 0aMiller & Freund`s Probability & Statistics for Engineerscby R. A. Johnson, C.B. Gupta bPearson EducationaDelhic2006 a646 aMCA Maths aC.B. Gupta